Wszystkie skiny do M249 w CS:GO - Statystyki

Ogólne statystyki
  • Ten quiz został rozwiązany 4 razy
  • Średni wynik to 7 z 17
Statystyki odpowiedzi
Jakość Skin % Poprawnych
Fioletowy Aztec
75%
Niebieski Jungle
75%
Niebieski Magma
75%
Fioletowy Emerald Poison Dart
50%
Niebieski Gator Mesh
50%
Fioletowy Nebula Crusader
50%
Niebieski O.S.I.P.R.
50%
Niebieski Predator
50%
Niebieski Spectre
50%
Niebieski System Lock
50%
Niebieski Impact Drill
25%
Niebieski Jungle DDPAT
25%
Niebieski Warbird
25%
Niebieski Blizzard Marbleized
0%
Niebieski Contrast Spray
0%
Niebieski Deep Relief
0%
Niebieski Shipping Forecast
0%
Nie znaleziono quizów pasujących do podanych kryteriów
Rozkład punktacji
Procent ludzi z każdym wynikiem
Percentyl według liczby udzielonych odpowiedzi
Twoja historia wyników
Nie rozwiązałeś tego quizu